| 000 | 01224nam a22002297a 4500 | ||
|---|---|---|---|
| 005 | 20220412102253.0 | ||
| 008 | 220329b ||||| |||| 00| 0 eng d | ||
| 020 | _a9781844450602 | ||
| 040 | _cAL | ||
| 041 | _aeng | ||
| 082 |
_223 _a004.0243613 _bGREP |
||
| 100 |
_aClaire Gregor _926411 |
||
| 245 | _aPractical computer skills for social work | ||
| 260 |
_aGlasgow _bLearnings Matters _c2006 |
||
| 300 |
_aviii,115p. _bPB _c24.5x17.1cm. |
||
| 365 |
_2General _aVBI-1346 _b₹1522.95 _c₹ _d₹2030.60 _e25% _f21-02-2022 |
||
| 440 |
_aTransforming social work practice _926412 |
||
| 440 |
_aJonathan, Parker; Greta, Bradley _926413 |
||
| 520 | _aWhat relevance has IT to a social worker? The GSCC demands computer literacy to the level of the European Computer Driving License. This book enables students to identify their standard in the seven core areas and through carefully planned activities mapped to social work skills, it helps them to reach the required standard and to enhance their professional practice. Ideal for self-directed study, it could also form the basis of a course in which the students create an e-portfolio of IT skills. | ||
| 650 |
_aComputer skills _vData processing _929473 |
||
| 942 |
_2ddc _cBK |
||
| 999 |
_c222074 _d222074 |
||